al-Intāj al-zirāʻī fī 13 ʻām, 1952-1965 (Record no. 48601)
[ view plain ]
| 000 -LEADER | |
|---|---|
| fixed length control field | 00679cam a22002171 4500 |
| 001 - CONTROL NUMBER | |
| control field | ne 65002673 |
| 003 - CONTROL NUMBER IDENTIFIER | |
| control field | DLC |
| 005 - DATE AND TIME OF LATEST TRANSACTION | |
| control field | 20260227111819.0 |
| 008 - FIXED-LENGTH DATA ELEMENTS--GENERAL INFORMATION | |
| fixed length control field | 840116s1965 ua 000 0 arar |
| 010 ## - LIBRARY OF CONGRESS CONTROL NUMBER | |
| LC control number | ne 65002673 |
| 035 ## - SYSTEM CONTROL NUMBER | |
| System control number | (OCoLC)10306138 |
| 040 ## - CATALOGING SOURCE | |
| Original cataloging agency | DLC |
| Transcribing agency | TxU |
| Modifying agency | TxU |
| -- | DLC |
| 042 ## - AUTHENTICATION CODE | |
| Authentication code | premarc |
| 050 00 - LIBRARY OF CONGRESS CALL NUMBER | |
| Classification number | HD2122 |
| Item number | .D8 |
| 100 1# - MAIN ENTRY--PERSONAL NAME | |
| Personal name | Durrah, Ṭāhir Ḥasan. |
| 245 13 - TITLE STATEMENT | |
| Title | al-Intāj al-zirāʻī fī 13 ʻām, 1952-1965 |
| Statement of responsibility, etc. | [taʼlīf] Ṭāhir Ḥasan Durrah. |
| 260 ## - PUBLICATION, DISTRIBUTION, ETC. | |
| Place of publication, distribution, etc. | [al-Qāhirah, |
| Name of publisher, distributor, etc. | al-Dār al-Qawmīyah lil-Ṭibāʻah wa-al-Nashr, |
| Date of publication, distribution, etc. | 1965] |
| 300 ## - PHYSICAL DESCRIPTION | |
| Extent | 59 p. |
| Dimensions | 20 cm. |
| 490 0# - SERIES STATEMENT | |
| Series statement | Ikhtarnā lil-fallāḥ, |
| Volume/sequential designation | 79 |
| 650 #0 - SUBJECT ADDED ENTRY--TOPICAL TERM | |
| Topical term or geographic name entry element | Agriculture |
| Geographic subdivision | Egypt |
| Form subdivision | Statistics. |
No items available.